| 000 | 01125nam a22001457a 4500 | ||
|---|---|---|---|
| 999 |
_c527578 _d527578 |
||
| 008 | 240905b ||||| |||| 00| 0 eng d | ||
| 100 |
_aPlokhy, Serhii and Sarotte, M.E. _957916 |
||
| 245 | _aThe shoals of Ukraine: Where American illusions and great-power politics collide | ||
| 260 | _aForeign Affairs | ||
| 300 | _a99(1), Jan-Feb, 2020: p.81-95 | ||
| 520 | _aAt first, it might seem surprising that Ukraine, a country on the fringes of Europe, is suddenly at the turbulent center of American politics and foreign policy. With an impeachment inquiry in Washington adding further detail to the story of the Trump administration’s efforts to tie U.S. security assistance for the country to Ukrainian cooperation in investigating President Donald Trump’s Democratic opponents, Trump’s presidency itself hangs in the balance. And the repercussions go even further, raising questions about the legitimacy and sustainability of U.S. power itself.- Reproduced https://www.foreignaffairs.com/articles/united-states/shoals-ukraine | ||
| 773 | _aForeign Affairs | ||
| 906 | _aINTERNATIONAL RELATIONS | ||
| 942 | _cAR | ||